000 00654nam a2200181Ia 4500
008 151018s9999 xx 000 0 und d
082 _bRBASDV12986
_a891.468
100 _aतुळजापुरकर वैनतेय
245 _aअठराव वरीस(च) लग्नाच
250 _b1
260 _bप्रणव
_c1980
300 _a224
600 _aतुळजापुरकर वैनतेय
630 _aअठराव वरीस(च) लग्नाच
700 _aतुळजापुरकर वैनतेय
730 _aअठराव वरीस(च) लग्नाच
942 _cBOOK
999 _c1015223
_d1015220